02349cam a22003018i 450000100090000000300060000900500170001500800410003201000170007302000310009004000230012104200080014405000270015210000410017924501130022026400540033330000140038750400510040150504520045252008700090465000370177465000390181165000280185065000390187894200080191795201070192599900150203210584191CaAEU20250325150655.0240709s2025 enk b 001 0 eng  a 2024031632 a9781398616622q(paperback) aDLCbengerdacDLC apcc00aHF5549.5.M5bB454 2025 aBell, Thomas Duncan,eauthor.92502710aSpectrum of success b: how embracing neurodiversity can revolutionize your business c/ Thomas Duncan Bell. 1aLondon ;aNew York, NY :bKogan Page Inc.,c2025. a232 pages aIncludes bibliographical references and index. aUnderstanding neurodiversity — Understanding the fundamentals — The challenges of neurodiversity vocationally — Dispelling the neurodiversity myths — Empowering your business — Harnessing neurodivergence — The power of neurodiverse individuals and leaders — Creating an inclusive culture — Establishing sustainable change — Workplace wellbeing hacks — Championing neurodiversity — Final thoughts from The Bipolar Businessman. aUnlock the full potential of neurodiverse people and create a more inclusive, supportive and adaptive business with Spectrum of Success. 20% of the global population is neurodivergent, but the world isn't built for them. Their incredible talent becomes wasted when they don't have the opportunity to succeed. Spectrum of Success uncovers how we can create a more accessible work culture that champions neurodiversity and promotes allyship and collaboration. Through fascinating research and inspiring interviews with neurodiverse business leaders, mental health expert Thomas Duncan Bell uncovers how we can support and champion neurodiversity at work and beyond. Drawing upon his own experiences with ADHD and bipolar disorder, the book also offers an enlightening insight into how neurodiverse individuals can thrive in the modern world.cProvided by publisher. 0aDiversity in the workplace97273 0aNeurodivergent peoplexEmployment. 0aCreative thinking97027 0aOrganizational effectiveness92451 2lcc 00102lcc4070aTBSbTBSd2025-03-25l0oHF5549.5.M5 BELp9781398616622r2025-03-25t1w2025-03-25y1 c4584d4584